イントロクイズ #6 - Statistics

General Stats
  • This quiz has been taken 752 times
  • The average score is 7 of 30
Answer Stats
Intro Answer % Correct
やっと目を覚ましたかい それなのになぜ目を合わせやしないんだい 前前前世
73%
「さよなら」「ありがとう」声の限り
68%
営みの街がくれたら色めき 風たちは運ぶわ カラスと人々の群れ
62%
気分次第です僕は 敵を選んで戦う少年 アスノヨゾラ哨戒班
54%
だっだっだ だいしょばない ちょっと蛹になって出直すわ シンデレラ
48%
夜に浮かんでいた 海月のような月が爆ぜた ただ君に晴れ
44%
照らすは闇 僕らは歩き慣れてきた日々も淘汰 インフェルノ
41%
キミは○○○ My precious one You're the only flowering heroine シンデレラガール
36%
これから歌う曲の内容は僕の頭の中のこと 主演はもちろん君で 115万キロのフィルム
33%
いつもどおりの通り独り こんな日々もはや懲り懲り LOSER
33%
神戸中央区元町。(駅前) 今日からドキドキニーハオハンユー講座 いーあるふぁんくらぶ
32%
考えすぎのメッセージ 誰に届くかも知らないで マトリョシカ
21%
過去と未来の狭間に 僕らは○○○生きている
21%
ひとりぼっちには飽き飽きなの 繋がってたいの ウタカタララバイ
20%
少し寂しそうな君に こんな歌を聴かせよう 君はロックを聴かない
18%
Baby 壊れそうな夜が明けて 空は晴れたよう SUN
16%
寄り添う2人に君がオーバーラップ 色なき風に思い馳せて 渡月橋 ~君 想ふ~
15%
一番きれいな色ってなんだろう? 一番ひかってるものってなんだろう? GIFT
14%
冗談混じりの境界線上 階段のそのまた向こう ワールズエンド・ダンスホール
11%
とても大事なキミの想いは 無駄にならない 世界は廻る ポリリズム
8%
手のひらで震えた それが小さな勇気になっていたんだ CHE.R.RY
7%
夜が来た 目覚ましな WE GON' PARTY LIKE FANTASTIC BABY
7%
いつでも君の為にI wish 幸せを願うことこそが愛 I Wish For You
7%
響けファンファーレ 届け遠くまで 輝く未来を君と見たいから Make debut!
7%
いつだって君は嗤われ者だ やることなすことツイてなくて ODDS&ENDS
7%
年をとっても皴になっても一緒にいて 恋の○○○を Soup
6%
青さ 思い出せば また見えた また見えた Aoi
5%
授業終わるベルが鳴ったら ふいに君を目隠しして 涙サプライズ!
3%
一緒に食事しただけよ 彼はただのトモダチ ごめんなさいのKissing You
3%
華びらがクスリとわらう 揺れて廻り堕ちて行方知れず 華振舞
0%
No matching quizzes found
Score Distribution
Percent of People with Each Score
Percentile by Number Answered
Your Score History
You have not taken this quiz